000
00319nas a2200145 a 4500
001
68964
003
142781
005
20201118110604.0
008
||||||n9999 ||| || ||
245
0
_a
Ciencias Humanas - No.15,16
260
_c
1991.
562
_e
0
773
_0
78046
_a
Ciencias Humanas
942
_c
SISS
999
_c
68964
_d
68964